| 000 | 00862nam a22002417a 4500 | ||
|---|---|---|---|
| 001 | 3463 | ||
| 003 | FISKH | ||
| 005 | 20240307135248.0 | ||
| 008 | 240307b cb ||||| |||| 00| 0 eng d | ||
| 040 |
_aFISK _beng _cFISK _dFISK |
||
| 050 | _aPR6013.R44 | ||
| 082 | _a823.912 | ||
| 100 |
_aGreene Graham _d1904-1991 |
||
| 245 |
_aMonsignor Quixote / _cGraham Greene |
||
| 260 |
_aLondon : _bGraham Greene, _c1982 |
||
| 300 |
_a255 pages : _c19 cm |
||
| 505 | _aM | ||
| 520 | _aWith Sancho Panza, a deposed Communist mayor, his faithful Rocinate, an antiquated motorcar, Monsignor Quixote roams through modern-day Spain in a brilliant picaresque fable. Like Cervantes' classic, Monsignor Quixote offers enduring insights into our life and times. | ||
| 521 | 8 |
_aestimates, _bLexiles |
|
| 700 | _aGraham Greene | ||
| 942 |
_2ddc _cBK _n0 |
||
| 999 |
_c3463 _d3463 |
||